000 00477nam a22001937a 4500
003 CEME
005 20210628202741.0
008 210125b xxu||||| |||| 00| 0 eng d
020 _a0-07-049481-9
040 _c.
082 _a620.105 SRI
100 _aSrinath, L . S
_961425
245 _aAdvanced mechanics of solids
250 _a2ND
260 _aNEW DELHI
_bTATA MCGRAW HILL
_c2003
300 _aXV,459 P
650 _aMECHANICS OF SOLIDS
_961426
942 _cBK
_2ddc
999 _c570882
_d570882